000 00973nam a22002417a 4500
003 OSt
005 20171220140355.0
008 171220e201610 spca||| |||| 1|0 0 spa|d
017 _aDL B 17391-2017 (corregit)
_bBiblioteca de Catalunya
020 _a9788496986695
040 _aES-BaBC
_bcat
_cCDMR
245 0 4 _aEls Paisatges de Paco Candel
_b: jornada d'estudi entorn de l'autor d'Els altres catalans /
260 _aBarcelona :
_bFundació Paco Candel,
_c2016
300 _a156 pàgines, 7 pàgines de làmines no numerades :
_bil·lustracions (algunes en color) ;
_c23 cm
500 _aPrecedeix el títol: 50 anys, Els altres catalans, Francesc Candel
500 _aA portada: Centre d'Estudis de l'Hospitalet
504 _aBibliografia
546 _aTextos en català i castellà
600 1 7 _aCandel, Francisco
_d1925-2007
_xCrítica i interpretació
_2lemac
_92983
710 2 _aCentre d'Estudis de l'Hospitalet
710 2 _aFundació Paco Candel
942 _cMON
999 _c7093
_d7093